| Tag |
First Indicator |
Second Indicator |
Subfields |
| LEADER |
00000cam a22000003i 4500 |
| 001 |
in00002503581 |
| 005 |
20190327173458.0 |
| 006 |
m||||||||d|||||||| |
| 007 |
cr |n ---||a|a |
| 008 |
711014s1971 nyu sb 001|0 eng d |
| 010 |
|
|
|a 70155530
|
| 020 |
|
|
|a 0030865794
|
| 035 |
|
|
|9 (DLC) 70155530
|
| 035 |
|
|
|a (VaAlASP)ASPS00017294/bltc
|
| 040 |
|
|
|a DLC
|c DLC
|d DLC
|d VaAlASP
|d UtOrBLW
|
| 043 |
|
|
|a n-us---
|
| 050 |
0 |
0 |
|a ML3556
|b .S58
|
| 082 |
0 |
0 |
|a 781.7/73
|
| 100 |
1 |
|
|a Sidran, Ben.
|
| 245 |
1 |
0 |
|a Black talk.
|
| 250 |
|
|
|a [1st ed.].
|
| 264 |
|
1 |
|a New York :
|b Holt, Rinehart and Winston,
|c [1971]
|
| 300 |
|
|
|a xvii, 201 pages ;
|c 22 cm.
|
| 336 |
|
|
|a text
|b txt
|2 rdacontent
|
| 337 |
|
|
|a computer
|b c
|2 rdamedia
|
| 338 |
|
|
|a online resource
|b cr
|2 rdacarrier
|
| 504 |
|
|
|a Bibliography: pages 177-182.
|
| 533 |
|
|
|a Electronic reproduction.
|b Alexandria, VA :
|c Alexander Street Press,
|d 2007.
|f (Black thought and culture).
|n Available via World Wide Web.
|
| 500 |
|
|
|a Electronic resource.
|
| 650 |
|
0 |
|a African Americans
|x Music
|x History and criticism.
|
| 650 |
|
0 |
|a Music
|z United States
|x History and criticism.
|
| 655 |
|
0 |
|a Electronic books.
|
| 776 |
1 |
|
|c Original
|z 0030865794
|w (DLC) 70155530
|
| 830 |
|
0 |
|a Black thought and culture.
|
| 856 |
4 |
0 |
|z Connect to the full text of this electronic book
|u http://proxy.library.tamu.edu/login?url=http://www.aspresolver.com/aspresolver.asp?BLTC;S17294
|t 0
|
| 999 |
|
|
|a MARS
|
| 999 |
f |
f |
|s 13d9df89-da86-3c9b-8498-a85f2dd2acaf
|i 2ef36fd4-617c-3c11-b176-a5044fc30a09
|t 0
|
| 952 |
f |
f |
|a Texas A&M University
|b College Station
|c Electronic Resources
|d Available Online
|t 0
|e ML3556 .S58
|h Library of Congress classification
|
| 998 |
f |
f |
|a ML3556 .S58
|t 0
|l Available Online
|